Esri map book volume 33. (Registro nro. 20725)

Detalles MARC
000 -CABECERA
Campo de control 00701nam a22002417a 4500
005 - FECHA Y HORA DE LA ULTIMA TRANSACCION
Campo de control 20200124090242.0
008 - ELEMENTOS DE LONGITUD FIJA—INFORMACION GENERAL
Campo de control 200124b xxu||||| |||| 00| 0 spa d
020 ## - ISBN
ISBN 9781589485075
040 ## - FUENTE DE CATALOGACIÓN
Agencia catalogadora original CO-BoIAVH
Agencia transcriptora CO-BoIAVH
041 ## - IDIOMA
Código de idioma para texto/pista de sonido o título separado Inglés
044 ## - PAÍS DE PUBLICACIÓN
País de publicación Estados Unidos
082 ## - NUMERO DE CLASIFICACION DECIMAL DEWEY
Número de clasificación 526.0285
Número del ítem Es71e
110 ## - ASIENTO PRINCIPAL--NOMBRE CORPORATIVO
9 (RLIN) 102347
Nombre corporativo o de jurisdicción como elemento de entrada Esri Press
245 ## - MENCION DE TITULO
Título Esri map book volume 33.
260 ## - PUBLICACION, DISTRIBUCION, ETC. (PIE DE IMPRENTA)
Lugar de publicación, distribución, etc. New york:
Nombre del editor, distribuidor, etc. Esri,
Fecha de publicación, distribución, etc. 2018.
300 ## - DESCRIPCION FISICA
Extensión 182 Páginas:
Otros detalles físicos mapas y gráficos,
Dimensiones 28 x 25 cm.
650 #0 - ASIENTO SECUNDARIO DE MATERIA - TERMINO TEMATICO
9 (RLIN) 10367
Término temático o nombre geográfico como elemento de entrada Mapas
650 #0 - ASIENTO SECUNDARIO DE MATERIA - TERMINO TEMATICO
9 (RLIN) 97741
Término temático o nombre geográfico como elemento de entrada Mapas de ecosistemas
650 #0 - ASIENTO SECUNDARIO DE MATERIA - TERMINO TEMATICO
9 (RLIN) 94008
Término temático o nombre geográfico como elemento de entrada Mapas ecológicos
650 #0 - ASIENTO SECUNDARIO DE MATERIA - TERMINO TEMATICO
9 (RLIN) 51417
Término temático o nombre geográfico como elemento de entrada áreas de conservación
650 #0 - ASIENTO SECUNDARIO DE MATERIA - TERMINO TEMATICO
9 (RLIN) 24542
Término temático o nombre geográfico como elemento de entrada Conservación del medio ambiente
942 ## - ELEMENTOS ADICIONALES (KOHA)
Sistema de clasificación Dewey Decimal Classification
Tipo de ítem Libro
Existencias
Withdrawn status Lost status Sistema de Clasificación Damaged status No para préstamo Colección Ubicación Permanente Ubicación actual Fecha de adquisición Total Checkouts Número topográfico Inventario / Código de Barras Date last seen Ejemplar Price effective from Forma de adquisición Tipo de material
    Dewey Decimal Classification     General Bogotá Bogotá 24/01/2020   LB-526.0285 Es71e 044012 24/01/2020 Ej.1 24/01/2020 Donación Libro